| 000 | 00891cad a22002175a 4500 | ||
|---|---|---|---|
| 001 | E150175 | ||
| 008 | 100610s2010 xxk f l s000 0 eng d | ||
| 020 | _a9780755993529 | ||
| 035 | _a(Sirsi) u150175 | ||
| 041 | 0 | _aeng | |
| 110 | 2 |
_aScotland _bScottish Government _95344 |
|
| 245 | 0 | 0 |
_aWildlife and Natural Environment (Scotland) Bill _bas introduced _h[electronic resource] |
| 260 |
_aEdinburgh _bScottish Government _c2010 |
||
| 520 | _aMakes provision about wildlife and the natural environment. The Bill is made up of six parts and a schedule, and was introduced in the Scottish Parliament on 9 June 2010. | ||
| 521 | _aAdvanced | ||
| 590 | _aKA | ||
| 651 | 4 |
_aScotland _y1999- |
|
| 690 | _aENVIRONMENTAL AND LAND CONSULTANCY | ||
| 856 | 4 | 0 |
_uhttps://www.scottish.parliament.uk/s3/bills/52-WildNatEnv/index.htm _zView the report free of charge at www.scotland.gov.uk |
| 942 | _n0 | ||
| 999 |
_c110774 _d110774 |
||